HVV Buslinie 184 - Statistiken

Allgemein
  • Dieses Quiz wurde 3 mal gespielt
  • Das Durchschnittsergebnis liegt bei 5 aus 36
Antwortstatistiken
Antwort % Korrekt
S Halstenbek
100%
Schenefeld, Busbetriebshof
67%
Baumläuferweg
33%
Eidelstedter Platz
33%
Fangdiekstraße
33%
Franzosenkoppel
33%
Neißestraße
33%
Schenefeld, Hasselbinnen
33%
Schenefeld, Stadtzentrum
33%
Schenefeld, Wachtelweg
33%
S Elbgaustraße
33%
A Eidelstedt Zentrum
0%
Furtweg
0%
Halstenbeker Stieg
0%
Halstenbek, Friedenstraße
0%
Halstenbek, Industriestraße (Wohnmeile)
0%
Halstenbek, Königstraße
0%
Halstenbek, Ludwig-Mayn-Straße
0%
Halstenbek, Seemoorweg
0%
Halstenbek, Witt Lön
0%
Katzbachstraße
0%
Mergenthaler Weg
0%
Puckholm
0%
Rellingen, Adlerstraße
0%
Rellingen, Krupunder Ring
0%
Rellingen, Siemensstraße
0%
Sandkrugweg
0%
Schenefeld, Gorch Fock Straße
0%
Schenefeld, Jahnstraße
0%
Schenefeld, Kreuzweg
0%
Schenefeld, Lindenallee
0%
Schenefeld, Moorweg
0%
Schenefeld, Parkstieg
0%
Schenefeld, Schenefelder Platz
0%
Schnelsener Weg
0%
Weistritzstraße
0%
Keine übereinstimmenden Quizze gefunden
Verteilung der Resultate
Anzahl Personen mit jedem Resultat
Perzentil nach korrekt beantworteten Fragen
Ihre Resultats-Entwicklung
Sie haben dieses Quiz noch nicht gespielt